000 00635nam a2200241Ia 4500
003 OSt
005 20221005070221.0
006 a|||||r|||| 00| 0
007 ta
008 221004b |||||||| |||| 00| 0 mal d
024 _a59077
037 _cTextual
040 _aCRL
_cCRL
_bmal
041 _2mal
_amal
082 _aNR213wN, 33M1
100 _aChowadaiah T Au.
_9605477
245 0 _aSangeetha kala nidhi
260 _aMysore
_bKavyalaya publishers India
_c1981
650 _a MUSIC
_917402
650 _aARTS
942 _hNR213wN, 33M1
_cTEXL
_2cc
999 _c975886
_d975886